Ελευθερία και πειθαρχία στην ανατροφή των παιδιών

Αποθηκεύτηκε σε:
Λεπτομέρειες βιβλιογραφικής εγγραφής
Κύριος συγγραφέας: Ligthart, Jan, 1859-1916
Άλλοι συγγραφείς: Χρυσάφης, Ιωάννης Ε. 1873-1932 (Μεταφραστής)
Μορφή: Βιβλίο
Γλώσσα:Greek
Δημοσίευση: Αθήναι : Εκδοτική εταιρεία "Αθηνά", 1927
Σειρά:Βιβλιοθήκη για δασκάλους και γονείς ; ; 23
Θέματα:
Ετικέτες: Προσθήκη ετικέτας
Δεν υπάρχουν, Καταχωρήστε ετικέτα πρώτοι!

MARC

LEADER 00000cam a2200000 i 4500
001 1/91270
008 080721s1927 gre d
035 |l 10099090 
040 |a GR-MY-UA  |b gre  |e aacr 
041 0 |a gre 
082 0 |a 649.64  |2 (22) 
100 1 |a Ligthart, Jan,   |d 1859-1916. 
245 1 0 |a Ελευθερία και πειθαρχία στην ανατροφή των παιδιών /  |c Jan Ligthart ; μετάφραση Ι.Ε. Χρυσάφη 
260 |a Αθήναι :   |b Εκδοτική εταιρεία "Αθηνά",   |c 1927 
300 |a 112 σ.;  |c 18 εκ. 
490 1 |a Σχολείο και ζωή. βιβλιοθήκη για δασκάλους και γονείς  |v ; 23 
650 0 0 |a Education of children. 
650 0 0 |a Discipline of children. 
650 0 0 |a Parenting. 
650 0 0 |a Child development. 
700 1 |a Χρυσάφης, Ιωάννης Ε.   |d 1873-1932.  |4 trl 
830 0 |a Βιβλιοθήκη για δασκάλους και γονείς ;  |v ; 23 
852 |a INST  |b RHODES  |c AKA  |e 20080721  |h  649.64 LIG  |p 005400027652  |q 005400027652  |t BK  |y 0 
901 |a BIBL4-2008-2 
909 |a Ρ  |b 150867 
970 |a ΧΑΡΙΟΠΟΛΙΤΟΥ  |b ΚΩΝΣΤΑΝΤΙΝΑ  |z 2008/07/21